<?xml version="1.0" encoding="UTF-8"?>
<collection xmlns="http://www.loc.gov/MARC21/slim">
 <record>
  <leader>00651cam a2200181 7i4500</leader>
  <controlfield tag="001">0000048604</controlfield>
  <controlfield tag="005">20140623090000.0</controlfield>
  <controlfield tag="008">090323</controlfield>
  <datafield tag="020" ind1="#" ind2="0">
   <subfield code="a">9835404240 </subfield>
  </datafield>
  <datafield tag="090" ind1="0" ind2="0">
   <subfield code="a">HJ 70.7 .A2 </subfield>
   <subfield code="b">B8 2005</subfield>
  </datafield>
  <datafield tag="245" ind1="0" ind2="0">
   <subfield code="a">The 2005 budget  </subfield>
   <subfield code="c">edited by National Policy Publication Division, Dept. of Information, Malaysia.</subfield>
  </datafield>
  <datafield tag="260" ind1="#" ind2="#">
   <subfield code="a">Kuala Lumpur: </subfield>
   <subfield code="b">Dept. of Information, Malaysia, </subfield>
   <subfield code="c">2004</subfield>
  </datafield>
  <datafield tag="300" ind1="#" ind2="#">
   <subfield code="a">101p.; </subfield>
   <subfield code="c">22 cm.</subfield>
  </datafield>
  <datafield tag="590" ind1="#" ind2="#">
   <subfield code="a">Pusat Pengajian Perniagaan dan Pengurusan Maritim</subfield>
  </datafield>
  <datafield tag="650" ind1="0" ind2="0">
   <subfield code="a">Budget -- </subfield>
   <subfield code="z">Malaysia </subfield>
  </datafield>
  <datafield tag="650" ind1="0" ind2="0">
   <subfield code="a">Fiscal policy -- </subfield>
   <subfield code="z">Malaysia </subfield>
  </datafield>
  <datafield tag="651" ind1="0" ind2="0">
   <subfield code="a">Malaysia -- </subfield>
   <subfield code="x">Economic conditions </subfield>
  </datafield>
  <datafield tag="999" ind1=" " ind2=" ">
   <subfield code="a">1100039263</subfield>
   <subfield code="b">Jurnal</subfield>
   <subfield code="c">Serials</subfield>
   <subfield code="e">KOLEKSI TERBITAN BERSIRI</subfield>
  </datafield>
 </record>
</collection>
